| 000 | 00379nam a22001337a 4500 | ||
|---|---|---|---|
| 020 | _a9789693515466 | ||
| 040 | _cNUST | ||
| 082 | _a891.4393 ABD | ||
| 100 |
_aAbdullah Hussain _988344 |
||
| 245 |
_aNashaib; _bNovelette aur Afsanay |
||
| 260 |
_aLAHORE: _bSANG-E-MEEL, _c2016. |
||
| 650 |
_aUrdu Adab-Fiction. Urdu Adab-Short Stories. Urdu Adab-Afsanay _989567 |
||
| 942 |
_2ddc _cBK |
||
| 999 |
_c587583 _d587583 |
||